000 01030nam a2200241 a 4500
001 39436
003 BD-RjUL
005 20211209053006.0
008 160411b1995 bg a|||e |||| 00| 0 ben d
020 _a984050150x
_ctk. 110.00
035 _a(BD-RjUL)39549
040 _aBD-RjUL
_bben
_cBD-RjUL
041 _aben
082 _223
_a891.4409
_bRAA 1995
100 _aরহমান, আনিসুর
_9121559
245 1 0 _aঅসীমের স্পন্দ :
_bরবীন্দ্রসঙ্গীত বোধ ও সাধনা /
_cআনিসুর রহমান
260 _aঢাকা :
_bইউনিভার্সিটি প্রেস,
_c১৯৯৫.
300 _a[১৬], ১৪০ পৃ. :
_bচিত্র. ;
_c২০ সেমি.
504 _aগ্রন্থপঞ্জি সংযুক্ত
650 _aবাংলা সাহিত্য
_xইতিহাস ও সমালোচনা
_9118060
650 _aBenglai literature
_xHistory & criticism
_9121560
942 _2ddc
_cBK
999 _c39436
_d39436